Black eye (Record no. 231520)
[ view plain ]
| 000 -LEADER | |
|---|---|
| fixed length control field | 01671nam a2200349 a 4500 |
| 082 04 - DEWEY DECIMAL CLASSIFICATION NUMBER | |
| Classification number | 306.89/3/092 |
| -- | B |
| 100 1# - MAIN ENTRY--AUTHOR NAME | |
| Personal name | Strasser, Judith, |
| 245 10 - TITLE STATEMENT | |
| Title | Black eye |
| 260 ## - PUBLICATION, DISTRIBUTION, ETC. (IMPRINT) | |
| Place of publication | Madison : |
| Name of publisher | University of Wisconsin Press, |
| Year of publication | c2004. |
| 300 ## - PHYSICAL DESCRIPTION | |
| Number of Pages | xi, 350 p. |
| 505 0# - FORMATTED CONTENTS NOTE | |
| Formatted contents note | Unpleasant truths -- Questions of politics -- Intimate strangers -- Losses -- True colors -- Clear vision -- Standards of performance -- Selective attention -- Tokens of love -- Diffidence -- "I Jumped for it" -- Jekyll and Hyde -- Halcyon days -- Cause and effect -- Trouble on its way -- Enormous rage -- The gift. |
| 650 #0 - SUBJECT ADDED ENTRY--TOPICAL TERM | |
| Topical Term | Married people |
| Topical Term | Dysfunctional families |
| 856 40 - ELECTRONIC LOCATION AND ACCESS | |
| Uniform Resource Identifier | http://site.ebrary.com/lib/rucke/Doc?id=10217041 |
No items available.
